000 00305 a2200121 4500
000 nam a22 7a 4500
005 20260507125852.0
020 _a9780143477792
100 _aBanu Mushtaq
_91238742
245 _aHeart Lamp: Selected Stories
260 _bPenguin Hamish Hamilton
_c2025
942 _cTEXL
999 _c1851078
_d1851078